00449nam a22001337a 4500020001600000082000800016100002000024245009800044260003400142300002700176650003400203700002100237856005700258 qHard cover. a621 aAkhtar, Tehseen aModelling and LQR Based Linearized Control Strategy of Quad Rotor AirCraft /cTehseen Akhtar. aIslamabad:bCEME NUST,c2013. a44 p. :bill. ;c30cm. a MS- Mechatronics Engineering aDr. Knuwar Faraz uhttp://10.250.8.41:8080/xmlui/handle/123456789/36905